Prudencia notarial

Bibliographic Details
Main Author: Dip, Ricardo
Format: eBook
Language:Spanish
Published: Madrid: Dykinson, 2018
Subjects:
Online Access:Acceso restringido

MARC

LEADER 00000nam a22000007a 4500
005 20181029115746.0
007 cr|||| ||||
008 181029s2018 es |||||s|||| 00||0 spa d
020 |a 978-84-9148-687-9 
035 |a 21987 
040 |a vLex 
090 |c 8207  |d 8207 
100 1 |a Dip, Ricardo 
245 1 0 |a Prudencia notarial  |h [Recurso electrn̤ico] /  |c Ricardo Dip 
256 |a Servicio en ln̕ea 
260 |a Madrid:  |b Dykinson,  |c 2018 
300 1 |a 1 recurso electrn̤ico 
500 |a Este libro trata de la prudencia notarial, hb̀ito indispensable al buen x̌ito del oficio del notario. En efecto, la complejidad de la determinacin̤ negocial del derecho exige, para su proceso conformador y su caracterizacin̤, el concurso de un jurista dotado de idn̤eos conocimientos jurd̕icos y titular de un poder pb︢lico de autenticacin̤ y efectividad probatoria: esto se da cuando al pacto celebrado con la auctoritas propia del jurista se suma una suficiente fuerza publicitante, que es la especf̕ica potestas de dacin̤ de la fe pb︢lica. Ese jurista prudente, especializado, el notario romǹico o latino, no solo se ordena al conocimiento de normas jurd̕icas tanto naturales, sino que, adems̀, tambiň est ̀llamado a conocer la realidad singular a la que se ajustan esas normas, incluidas las circunstancias que, casi infinitas en posibilidad, tengan relevancia para la formacin̤ del acto prudencial y que se disciernen por la experiencia jurd̕ica. En efecto, las determinaciones negociales del derecho solamente se destinan al m̀bito de aquello que, antes de efectuarse, era contingente, por naturaleza, que se ajustara de un modo o de otro. y es de la prudencia del notario que se espera la conduccin̤ para la seguridad jurd̕ica y lo mejor para la consecuente paz de la comunidad. 
506 1 |a Disponible solo en los productos indicados  |d vLex Global  |d vLex Global (Academic Edition, excluding Law Schools)  |d vLex Global (U.S. Academic Edition, Law Schools)  |d vLex Global (U.S. Academic Edition, excluding Law Schools)  |d vLex Global (Academic Edition, Law Schools) 
650 0 4 |a Derecho Civil  |z Espaą 
740 0 |a vLex Libros (Servicio en ln̕ea) 
856 4 0 |u http://vlex.com/source/prudencia-notarial-21987  |z Acceso restringido 
942 |c BOOK 
999 0 |a Civil Law